| 000 | 00680 a2200157 4500 | ||
|---|---|---|---|
| 020 | _a0021847266 | ||
| 040 |
_aDLC _bDLC |
||
| 082 | _a808.0427 | ||
| 245 |
_aMcGraw-Hill Reading _cJames Flood |
||
| 260 |
_aNew York : _bMcgraw-hill School Division, _c2001. |
||
| 300 |
_a765 p. : _bill. ; _c27 cm. |
||
| 500 | _aIncludes Index | ||
| 650 | _a1.College Reader.2.Interdisciplinary approach in education-- Problems exercises, etc.3.English language--Rhetoric, problems, exercises, etc. | ||
| 700 | _a1.Flood, James.2.College Reader.3.Interdisciplinary approach in education-- Problems exercises, etc.3.English language--Rhetoric, problems, exercises, etc. | ||
| 942 |
_cBK _k808.0427 FLO _2ddc |
||
| 999 |
_c5016 _d5016 |
||